书目信息 |
| 题名: |
材料的腐蚀与防护
|
|
| 作者: | 曾荣昌 , 韩恩厚 编著 | |
| 分册: | ||
| 出版信息: | 北京 化学工业出版社 2009 |
|
| 页数: | 340页 | |
| 开本: | 26cm | |
| 丛书名: | ||
| 单 册: | ||
| 中图分类: | TB304 | |
| 科图分类: | ||
| 主题词: | 工程材料--腐蚀 , 工程材料--防腐 , 工程材料 , 腐蚀 , 防腐 | |
| 电子资源: | ||
| ISBN: | 978-7-5025-8470-2 | |
| 000 | 00999nam0 2200301 45 | |
| 001 | 1050926781 | |
| 005 | 20100420094352.40 | |
| 010 | @a978-7-5025-8470-2@dCNY39.00 | |
| 100 | @a20100409e2009 em y0chiy0110 ea | |
| 101 | 0 | @achi |
| 102 | @aCN@b110000 | |
| 105 | @aa z 000yy | |
| 106 | @ar | |
| 200 | 1 | @a材料的腐蚀与防护@ACai Liao De Fu Shi Yu Fang Hu@f曾荣昌,韩恩厚等编著@FZeng Rong Chang, Han En Hou Deng Bian Zhu |
| 210 | @a北京@c化学工业出版社@d2009 | |
| 215 | @a340页@c图@d26cm | |
| 300 | @a高等学校教材 | |
| 330 | @a本书由腐蚀基础理论、腐蚀控制和腐蚀与防护实例三部分内容组成。论述了各种材料包括金属材料,无机非金属材料以及它们在各种环境中的腐蚀与防护。 | |
| 606 | 0 | @a工程材料@x腐蚀 |
| 606 | 0 | @a工程材料@x防腐 |
| 606 | 0 | @a工程材料 |
| 606 | 0 | @a腐蚀 |
| 606 | 0 | @a防腐 |
| 690 | @aTB304@v4 | |
| 701 | 0 | @a曾荣昌@AZeng Rong Chang@f(1964~)@4编著 |
| 701 | 0 | @a韩恩厚@AHan En Hou@f(1961.8~)@4编著 |
| 801 | 0 | @aCN@bTANGWEI@c20100420 |
| 905 | @b0591817-21@dTB304@e203@f5 | |
| 材料的腐蚀与防护/曾荣昌,韩恩厚等编著.-北京:化学工业出版社,2009 |
| 340页:图;26cm |
| 高等学校教材 |
| ISBN 978-7-5025-8470-2:CNY39.00 |
| 本书由腐蚀基础理论、腐蚀控制和腐蚀与防护实例三部分内容组成。论述了各种材料包括金属材料,无机非金属材料以及它们在各种环境中的腐蚀与防护。 |
| ● |
| 相关链接 |
|
|
|
|
正题名:材料的腐蚀与防护
索取号:TB304/203
 
预约/预借
| 序号 | 登录号 | 条形码 | 馆藏地/架位号 | 状态 | 备注 |
| 1 | 0591817 | 205918177 | 第二样本阅览室/ [索取号:TB304/203] | 在馆 | |
| 2 | 0591818 | 205918186 | 第三借阅区/ [索取号:TB304/203] | 在馆 | |
| 3 | 0591819 | 205918195 | 化学系资料室/ [索取号:TB304/203] | 在馆 | |
| 4 | 0591820 | 205918202 | 第三借阅区/ [索取号:TB304/203] | 在馆 | |
| 5 | 0591821 | 205918211 | 第三借阅区/ [索取号:TB304/203] | 在馆 |